|
|
|
|
| LEADER |
00000cas a2200000 a 4500 |
| 001 |
vtls011714221 |
| 003 |
SK-MaSNL |
| 005 |
20260228164257.0 |
| 008 |
171006d20172022xo qr p 0 b0slo |
| 022 |
|
|
|a 2729-9775
|
| 040 |
|
|
|a SNK
|b slo
|c SNK
|e AACR2
|
| 041 |
0 |
|
|a slo
|
| 044 |
|
|
|a xo
|c SK
|
| 072 |
|
7 |
|a 2
|x Náboženstvo
|2 konspekt
|
| 080 |
|
|
|a 21/29-1/-9
|2 2011
|
| 080 |
|
|
|a 050
|2 2011
|
| 080 |
|
|
|a 2(051)
|2 2011
|
| 245 |
0 |
0 |
|a Lumen klub
|b časopis
|
| 246 |
3 |
3 |
|a Lumenklub
|
| 260 |
|
|
|a Banská Bystrica
|b PRE LUMEN, n.o.
|c 2017-2022
|
| 300 |
|
|
|a 16 zv.
|c 21 cm
|
| 310 |
|
|
|a 4x ročne
|b 2020-2022
|
| 321 |
|
|
|a 3x ročne
|b 2019
|
| 321 |
|
|
|a 2x ročne
|b 2017-2018
|
| 362 |
0 |
|
|a Č. 1 (2017)-č. 16 (2022)
|z BA001/2023
|
| 500 |
|
|
|a Redaktori sa menia
|
| 515 |
|
|
|a Časopis má v tiráži uvedené priebežné číslovanie
|
| 650 |
0 |
7 |
|a náboženstvo
|2 SNKPH
|9 2023
|
| 655 |
|
7 |
|a náboženské časopisy
|2 SNKPH
|9 70790
|
| 910 |
|
|
|a snk
|
| 999 |
|
|
|c 12995
|d 14925
|
| 952 |
|
|
|t č. 1-2
|a SNK
|b SNK
|c SNK_KF
|y PREZ
|7 8
|p 17A1461058
|o snkČSC 4213/2017
|i snk2021/14742
|8 0
|z Č. 1=leto
|0 0
|1 0
|4 0
|d 2021-10-07
|l 0
|r 2026-02-21 19:29:14
|w 2026-02-21
|
| 952 |
|
|
|t č. 3-4
|a SNK
|b SNK
|c SNK_KF
|y PREZ
|7 8
|p 17A1461059
|o snkČSC 4213/2018
|i snk2021/14744
|8 0
|z Č. 3=leto č. 4=zima
|0 0
|1 0
|4 0
|d 2021-10-07
|l 0
|r 2026-02-21 19:29:14
|w 2026-02-21
|
| 952 |
|
|
|t č. 5-7, neúplné
|a SNK
|b SNK
|c SNK_KF
|y PREZ
|7 8
|p 17A1461060
|o snkČSC 4213/2019
|i snk2021/14745
|8 0
|z Chýba č. 7 ; č. 5=jar, č. 6=jeseň
|0 0
|1 0
|4 0
|d 2021-10-07
|l 0
|r 2026-02-21 19:29:14
|w 2026-02-21
|
| 952 |
|
|
|t č. 8-11 + 1 príl., neúplné
|a SNK
|b SNK
|c SNK_KF
|y PREZ
|7 8
|p 17A1461061
|o snkČSC 4213/2020
|i snk2021/14746
|8 0
|z Chýba č. 8 ; príl.: v č. 1 - Rady doktora Miku ; č. 9=leto, č. 10=jeseň, č. 11=zima
|0 0
|1 0
|4 0
|d 2021-10-07
|l 0
|r 2026-02-21 19:29:15
|w 2026-02-21
|
| 952 |
|
|
|t č. 12-15
|a SNK
|b SNK
|y NEVYP
|7 1
|p 17A1556391
|o snkČSC 4213/2021
|i snk2025/15918
|8 0
|z Č. 12=marec, č. 13=jún, č. 14=jeseň/september-""pápežský špeciál"", č. 15=zima/december
|0 0
|1 0
|4 0
|d 2025-10-07
|l 0
|r 2026-02-21 20:02:47
|w 2026-02-21
|
| 952 |
|
|
|t č. 16
|a SNK
|b SNK
|y NEVYP
|7 1
|p 17A1556392
|o snkČSC 4213/2022
|i snk2025/15921
|8 0
|z Na dokumente označené ako jar
|0 0
|1 0
|4 0
|d 2025-10-07
|l 0
|r 2026-02-21 20:02:47
|w 2026-02-21
|